<?xml version="1.0" encoding="UTF-8"?><?xml-stylesheet type="text/xsl" href="static/style.xsl"?><OAI-PMH xmlns="http://www.openarchives.org/OAI/2.0/" xmlns:xsi="http://www.w3.org/2001/XMLSchema-instance" xsi:schemaLocation="http://www.openarchives.org/OAI/2.0/ http://www.openarchives.org/OAI/2.0/OAI-PMH.xsd"><responseDate>2026-06-04T23:50:51Z</responseDate><request verb="GetRecord" identifier="oai:riuma.uma.es:10630/38014" metadataPrefix="marc">https://riuma.uma.es/rest/oai/request</request><GetRecord><record><header><identifier>oai:riuma.uma.es:10630/38014</identifier><datestamp>2026-02-03T11:12:33Z</datestamp><setSpec>com_10630_2254</setSpec><setSpec>col_10630_37953</setSpec></header><metadata><record xmlns="http://www.loc.gov/MARC21/slim" xmlns:dcterms="http://purl.org/dc/terms/" xmlns:doc="http://www.lyncode.com/xoai" xmlns:xsi="http://www.w3.org/2001/XMLSchema-instance" xsi:schemaLocation="http://www.loc.gov/MARC21/slim http://www.loc.gov/standards/marcxml/schema/MARC21slim.xsd">
   <leader>00925njm 22002777a 4500</leader>
   <datafield ind2=" " ind1=" " tag="042">
      <subfield code="a">dc</subfield>
   </datafield>
   <datafield ind2=" " ind1=" " tag="720">
      <subfield code="a">Pérez-Rufi, José Patricio</subfield>
      <subfield code="e">author</subfield>
   </datafield>
   <datafield ind2=" " ind1=" " tag="720">
      <subfield code="a">Cruz Elvira, Andrea</subfield>
      <subfield code="e">author</subfield>
   </datafield>
   <datafield ind2=" " ind1=" " tag="720">
      <subfield code="a">Aragón Manchado, Alba</subfield>
      <subfield code="e">author</subfield>
   </datafield>
   <datafield ind2=" " ind1=" " tag="260">
      <subfield code="c">2024-05-17</subfield>
   </datafield>
   <datafield ind2=" " ind1=" " tag="520">
      <subfield code="a">El objeto de estudio de esta investigación es la situación de las plataformas de video bajo demanda (vod) en el mercado español. El objetivo principal de la investigación es analizar la regulación y las estrategias de las plataformas de video bajo demanda con mayor número de clientes en España en 2023, tras los importantes cambios en el sector introducidos en 2022. La hipótesis principal es que la intervención de la regulación europea y española en el mercado de las plataformas de video bajo demanda no evita el desarrollo de las dinámicas propias de un mercado liberalizado y muy activo. Este trabajo se desarrolla en el marco de la economía política de la comunicación, a partir de un análisis estructural simple basado en la revisión documental desde tres categorías de agentes del mercado audiovisual: gobiernos, empresas y audiencias. Se concluye que el marco regulatorio en materia de televisión online en Europa y en España desde 2022 no condiciona en exceso la actividad de las grandes plataformas internacionales, que operan así en un contexto de liberalización de la oferta. Estas plataformas han implantado sus políticas globales sin atender especialmente a las particularidades del mercado español.</subfield>
   </datafield>
   <datafield ind1="8" ind2=" " tag="024">
      <subfield code="a">Pérez-Rufí, J. P., Cruz-Elvira , A., &amp; Aragón-Manchado, A. (2024). Análisis del sector de las plataformas de video bajo demanda (vod) en España: reestructuración y estrategias. Anuario Electrónico De Estudios En Comunicación Social "Disertaciones", 17(2). https://doi.org/10.12804/revistas.urosario.edu.co/disertaciones/a.13955</subfield>
   </datafield>
   <datafield ind1="8" ind2=" " tag="024">
      <subfield code="a">https://hdl.handle.net/10630/38014</subfield>
   </datafield>
   <datafield ind1="8" ind2=" " tag="024">
      <subfield code="a">10.12804/revistas.urosario.edu.co/disertaciones/a.13955</subfield>
   </datafield>
   <datafield tag="653" ind2=" " ind1=" ">
      <subfield code="a">Industria audiovisual - Mercado</subfield>
   </datafield>
   <datafield tag="653" ind2=" " ind1=" ">
      <subfield code="a">Vídeo bajo demanda</subfield>
   </datafield>
   <datafield ind2="0" ind1="0" tag="245">
      <subfield code="a">Análisis del sector de las plataformas de video bajo demanda (vod) en España: reestructuración y estrategias.</subfield>
   </datafield>
</record>
</metadata></record></GetRecord></OAI-PMH>